| 000 | 00412nam a2200145 a 4500 | ||
|---|---|---|---|
| 001 | 2517 | ||
| 003 | CDMR | ||
| 005 | 20130116135232.0 | ||
| 008 | 130130s1995||||||||||||||||||||||||||||d | ||
| 040 |
_aCDMR _bcat _cCPC LLEIDA |
||
| 100 | 1 |
_aPerelló Capdevila, Ramon _91887 |
|
| 245 | 1 | 4 |
_aLes Escoles Municipals de Lleida 1979-1994 _cPERELLÓ CAPDEVILA, Ramon |
| 260 |
_aLleida _c1995 _bAjuntament de Lleida |
||
| 942 | _cMON | ||
| 999 |
_c2517 _d2517 |
||